Services Marketing , People Technology, Strategy (Record no. 1932)

MARC details
000 -LEADER
fixed length control field 00450nam a22001697a 4500
005 - DATE AND TIME OF LATEST TRANSACTION
control field 20160527111248.0
008 - FIXED-LENGTH DATA ELEMENTS--GENERAL INFORMATION
fixed length control field 160527b xxu||||| |||| 00| 0 eng d
020 ## - INTERNATIONAL STANDARD BOOK NUMBER
ISBN 81-297-0453-6
041 ## - LANGUAGE CODE
Language code of text/sound track or separate title eng
082 ## - DEWEY DECIMAL CLASSIFICATION NUMBER
Item number 5428
100 ## - MAIN ENTRY--AUTHOR NAME
Personal name Lovelock, Christopher and other
245 ## - TITLE STATEMENT
Title Services Marketing , People Technology, Strategy
260 ## - PUBLICATION, DISTRIBUTION, ETC. (IMPRINT)
Place of publication New Delhi
Name of publisher Academic Faundation
Year of publication 2004
300 ## - PHYSICAL DESCRIPTION
Number of Pages 639
650 ## - SUBJECT ADDED ENTRY--TOPICAL TERM
Topical Term Management
942 ## - ADDED ENTRY ELEMENTS (KOHA)
Koha item type Books
Holdings
Lost status Damaged status Collection code Home library Current library Shelving location Date acquired Source of acquisition Cost, normal purchase price Full call number Accession Number Koha item type
    MANAGEMENT JRU Library JRU Library SHELF- 68 H 27/05/2016 PURCHASE 395.00 5428 5428 Books
    Reference JRU Library   SHELF-29-F 27/05/2016   395.00 5428 5429 Books
    MANAGEMENT JRU Library JRU Library SHELF- 68 H 27/05/2016   395.00 5428 5430 Books
    MANAGEMENT JRU Library JRU Library SHELF- 68 H 27/05/2016   395.00 5428 5431 Books
    MANAGEMENT JRU Library JRU Library SHELF- 68 H 27/05/2016   395.00 5428 5432 Books